Third report on progress in manchuria 1907-32
Sparad:
| Materialtyp: | Bok |
|---|---|
| Språk: | Undetermined |
| Publicerad: |
Dairen
South Manchuria Railway
1932
|
| Ämnen: | |
| Taggar: |
Lägg till en tagg
Inga taggar, Lägg till första taggen!
|
| Thư viện lưu trữ: | Trung tâm Học liệu Trường Đại học Cần Thơ |
|---|
| LEADER | 00427nam a2200157Ia 4500 | ||
|---|---|---|---|
| 001 | CTU_107036 | ||
| 008 | 210402s9999 xx 000 0 und d | ||
| 082 | |a 951.03 | ||
| 082 | |b T445 | ||
| 245 | 0 | |a Third report on progress in manchuria 1907-32 | |
| 260 | |a Dairen | ||
| 260 | |b South Manchuria Railway | ||
| 260 | |c 1932 | ||
| 650 | |a Manchuria | ||
| 904 | |i Tuyến | ||
| 980 | |a Trung tâm Học liệu Trường Đại học Cần Thơ | ||